000 00754nam a2200265Ia 4500
001 Para_5293
003 CHAP
008 220125s1919 xx 000 0 und d
010 _a203823
040 _cCHAP
090 _aPA FOLLETO 2634
100 _aAinslie, George G
_93132
245 _aThe larger corn stalk-borer /
_c George G. Ainslie
260 _aWashington :
_b Department of Agriculture
300 _a12 p.
440 _aEUA. Dept. of agriculture Farmers' bull.; 1025
_9169740
650 _aMaĆ­z
_x Plagas Diatraea crambidoides
_9169741
901 _aPA FOLLETO 2634
902 _aA
905 _a0000001919 WAS 0000000000 00
910 _a1919
942 _cPARA
942 _cPARA
_d1
999 _c203823
_d203823